Chocolatier, Canton, Watchmaker, or Lake - A Switzerland Click Quiz - Statistics

General Stats
  • This quiz has been taken 38 times
  • The average score is 22 of 32
Answer Stats
Hint Answer % Correct
Lindt & Sprungli Chocolatier
94%
Toblerone Chocolatier
94%
Bern Canton
94%
Rolex Watchmaker
94%
Omega Watchmaker
92%
TAG Heuer Watchmaker
92%
Tissot Watchmaker
89%
Constance Lake
89%
Audemars Piquet Watchmaker
81%
Fribourg Canton
78%
St. Gallen Canton
78%
Valais Canton
75%
Patel Philippe Watchmaker
75%
Schwyz Canton
69%
Uri Canton
69%
Lugano Lake
67%
Jura Canton
64%
Breitling Watchmaker
64%
Tudor Watchmaker
61%
Maggiore Lake
61%
Brienz Lake
61%
Cailler Chocolatier
58%
Solothurn Canton
56%
Bienne Lake
53%
Thun Lake
50%
Laderbach Chocolatier
47%
Murten Lake
47%
Walen Lake
47%
KAGI Chocolatier
44%
Frey Chocolatier
44%
Favarger Chocolatier
39%
Villars Chocolatier
36%
No matching quizzes found
Score Distribution
Percent of People with Each Score
Percentile by Number Answered
Your Score History
You have not taken this quiz